Supercars Champions - Statistics

General Stats
  • This quiz has been taken 58 times
    8 since last reset
  • The average score is 22 of 29
Answer Stats
Year Answer % Correct
2023 Brodie Kostecki
100%
2025 Chaz Mostert
100%
2020 Scott McLaughlin
100%
2019 Scott McLaughlin
100%
2018 Scott McLaughlin
100%
2024 Will Brown
100%
2017 Jamie Whincup
88%
2014 Jamie Whincup
88%
2013 Jamie Whincup
88%
2012 Jamie Whincup
88%
2011 Jamie Whincup
88%
2009 Jamie Whincup
88%
2008 Jamie Whincup
88%
2015 Mark Winterbottom
88%
2022 Shane van Gisbergen
88%
2021 Shane van Gisbergen
88%
2016 Shane van Gisbergen
88%
1999 Craig Lowndes
75%
1998 Craig Lowndes
75%
2010 James Courtney
63%
2004 Marcos Ambrose
63%
2003 Marcos Ambrose
63%
2002 Mark Skaife
50%
2001 Mark Skaife
50%
2000 Mark Skaife
50%
2006 Rick Kelly
50%
2005 Russell Ingall
50%
2007 Garth Tander
38%
1997 Glenn Seton
25%
No matching quizzes found
Score Distribution
Percent of People with Each Score
Percentile by Number Answered
Your Score History
You have not taken this quiz since the last reset